000
00254nam a22001217a 4500
999
_c
13266
_d
13266
020
_a
9789696374046
082
_a
363
100
_a
Zubeida Mustafa
245
_a
My DAWN Years
260
_a
Pakistan
_b
Paramount
_c
2018
300
_a
227 pages
942
_c
BK